01296nam a22001697a 4500999001900000008004100019100002800060245007400088260003900162300003200201520062400233650008700857773003900944906002900983942000701012952010701019 c518377d518377210921b ||||| |||| 00| 0 eng d aBerardo, Ramiro 929357 aCollaborative governance and the challenges of network-based research aAmerican of Public Administration  a50(8), Nov, 2020: p.898-913 aWe review the literature examining collaborative governance processes from a network perspective and evaluate the extent to which it tackles important conceptual and methodological challenges. In particular, we assess whether scholars clearly identify the boundaries of the network, define nodes and the nature of ties, and examine how they deal with missing data, account for tie strength, take tie multiplexity into account, and study networks over time. We discuss the implications of our findings for the collaborative governance literature and ways to address the shortcomings in existing research. – Reproduced  aCollaborative governance, Network analysis, Nodes, ties, Network boundaries927444 aAmerican of Public Administration  aCOLLABORATIVE GOVERNANCE cAR 00102ddc40709392458aIIPAbIIPAd2021-09-21h50(8), Nov, 2020: p.898-913pAR125536r2021-09-21yAR